Les 10 villes d'Algérie les plus peuplées - Statistiques

Statistiques générales
  • Ce quiz a été pris 120 fois
  • Le résultat moyen est 5 sur 10
Statistiques - réponses
Population Ville % Correct
2,71M Alger
98%
1,16M Oran
98%
717K Constantine
77%
856K Sétif
56%
672K Tlemcen
53%
719K Blida
31%
768K Batna
26%
563K Biskra
22%
825K Djelfa
12%
637K Tiaret
7%
Aucun quiz correspondant
Distribution des résultats
% des personnes avec chaque résultat
Percentile par nombre de réponses
Votre historique - résultats
Vous n’avez pas pris ce quiz